| 000 | 00707nam a2200181 a 4500 | ||
|---|---|---|---|
| 003 | 0 | ||
| 005 | 20250421120507.0 | ||
| 008 | 060801s19uu xx 00 eng d | ||
| 050 |
_aPHS LB 1028.38 _b.L44 2006 |
||
| 100 | _aLee, Hwan Hyun. | ||
| 245 |
_aA Comparative study on the perceived effectiveness of S.O.F. as an instructional strategy between SISC faculty and students / _cHwan Hyun Lee. |
||
| 260 |
_aLas PiƱas City, Philippines : _bSouthville International School and Colleges, _c2006. |
||
| 300 |
_a33 pages : _billustrations ; _c28 cm. |
||
| 504 | _aIncludes bibliographical references. | ||
| 650 |
_aTeaching _xEffectiveness. |
||
| 650 |
_aInstructional systems _xEvaluation. |
||
| 942 |
_2lcc _cPASS |
||
| 999 |
_c97636 _d97636 |
||